<Die> Feuerversicherung

Gespeichert in:
Bibliographische Detailangaben
1. Verfasser: Boldt, Hans
Format: Buch
Sprache:Deutsch
Veröffentlicht: Karlsruhe Versicherungswirtschaft 1989
Ausgabe:5. neu bearb. und erweit. Aufl.
Tags: Tag hinzufügen
Keine Tags, Fügen Sie das erste Tag hinzu!

MARC

LEADER 00000nam a2200000 4500
001 c029866
005 20221215124405.5
041 0 |a ger 
044 |a DE 
245 1 0 |a <Die> Feuerversicherung  |c Hans Boldt 
250 |a 5. neu bearb. und erweit. Aufl. 
264 1 |a Karlsruhe  |b Versicherungswirtschaft  |c 1989 
300 |a 330 s. 
100 1 |a Boldt, Hans